• 首页
  • 本馆介绍
  • 公告通知
  • 最新文献
  • 馆藏检索
  • 电子资源
  • 读者导购
  • 参考咨询
  • 我的图书馆
  • 登录
  • 详细信息显示
  • 放入我的书架
  • 预约/预借图书
  • 作者相关作品
  • 分类相关作品
  • 丛书相关作品
  • 出版社相关作品

书目信息

  • 表格格式
  • 工作单格式
  • 卡片格式
题名:
食品雕刻
    
 
作者: 胡光旭 , 王祥 口述及制作 ;王仙民 主编
分册: 1  
出版信息: 北京   中国轻工业出版社  1988
页数: 146页
开本: 20cm
丛书名:
单 册:
中图分类: TS972.1 , J314.9 , TS972.114
科图分类:
主题词: 蔬菜--装饰雕塑--中国 , 蔬菜 , 装饰雕塑
电子资源:
ISBN: 7-5019-0870-2
000 00925nam0 2200289 450
001 1559554630
005 20150131163403.60
010    @a7-5019-0870-2@dCNY15.00
100    @a19990224d1988 em y0chiy0110 ea
101 0  @achi
102    @aCN@b110000
105    @af z 000yy
200 1  @a食品雕刻@9shi pin diao ke@e胡光旭、王祥蔬菜雕刻艺术@h1@f胡光旭,王祥口述及制作@g王仙民主编@g《食品雕刻》编写组编
210    @a北京@c中国轻工业出版社@d1988
215    @a146页@c彩照及图@d20cm
517 1  @a胡光旭王祥蔬菜雕刻艺术@9hu guang xu wang xiang shu cai diao ke yi shu
606 0  @a蔬菜@x装饰雕塑@y中国
606 0  @a蔬菜
606 0  @a装饰雕塑
690    @aTS972.1@v5
690    @aJ314.9@v5
690    @aTS972.114@v4
701  0 @a胡光旭@9hu guang xu@4口述及制作
701  0 @a王祥@9wang xiang@4口述及制作
702  0 @a王仙民@9wang xian min@4主编
801  0 @aCN@bTSSF@c20150131
905    @aZUCC@dTS972.114@eJY122:1
    
    食品雕刻:胡光旭、王祥蔬菜雕刻艺术.1/胡光旭,王祥口述及制作/王仙民主编/《食品雕刻》编写组编.-北京:中国轻工业出版社,1988
    146页:彩照及图;20cm
    
    
    ISBN 7-5019-0870-2:CNY15.00
    
●
相关链接 在E读中查询图书 在五车中查询图书 在当当中查询图书 在豆瓣中查询图书


正题名:食品雕刻     索取号:TS972.114/JY122:1         预约/预借

序号 登录号 条形码 馆藏地/架位号 状态 备注
1 7861906   278619069   学院路分馆/ [索取号:TS972.114/JY122:1] 在馆    
2 7861907   278619078   学院路分馆/ [索取号:TS972.114/JY122:1] 在馆    
3 7861908   278619087   学院路分馆/ [索取号:TS972.114/JY122:1] 在馆    
4 7861915   278619158   学院路分馆/ [索取号:TS972.114/JY122:1] 在馆    
唐山师范学院图书馆 欢迎您!
大连网信软件有限公司© 版权所有